[Event "ch-TUR 2012"]
[Site "Kemer TUR"]
[Date "2012.02.05"]
[Round "10"]
[White "Dastan,B"]
[Black "Erturan,Y"]
[Result "1-0"]
[WhiteElo "2211"]
[BlackElo "2372"]

1.e4 c5 2.Nf3 Nc6 3.d4 cxd4 4.Nxd4 Qb6 5.Nb3 Nf6 6.Nc3 e6 7.Be3 Qc7 8.a3 a6
9.f4 d6 10.Be2 Be7 11.O-O b5 12.Bf3 Bb7 13.Qe1 h6 14.Qf2 Nd7 15.f5 O-O 16.Qg3 Kh7
17.fxe6 fxe6 18.Bg4 Nd8 19.Rxf8 Nxf8 20.Bd4 Nc6 21.Bf5+ g6 22.Bh3 Bg5 23.Rf1 Nxd4
24.Nxd4 Qe7 25.e5 Rd8 26.Nf3 Be3+ 27.Kh1 d5 28.Nd1 Bc5 29.Nf2 Nd7 30.Nd3 Be3
31.Nh4 Bg5 32.Nf3 Rf8 33.Nxg5+ hxg5 34.Rxf8 Qxf8 35.Kg1 Qe7 36.Qe3 d4 37.Qxd4 Bd5
38.Nb4 Bb7 39.Qd6 Qxd6 40.exd6 a5 41.Bxe6 Nc5 42.Bg4 Be4 43.Na6 Nb7 44.d7 Nd8
45.Nc7 Bf5 46.Bxf5 gxf5 47.Nxb5 Kg6 48.Nd4 Kf6 49.Kf2  1-0

[Event "Moscow Open Women 2012"]
[Site "Moscow RUS"]
[Date "2012.02.05"]
[Round "9.36"]
[White "Trapeznikova,D"]
[Black "Kim,Ya"]
[Result "1/2-1/2"]
[WhiteElo "2088"]
[BlackElo "1952"]

1.e4 c5 2.Nf3 Nc6 3.d4 cxd4 4.Nxd4 Qb6 5.Nb3 Nf6 6.Nc3 e6 7.Be3 Qc7 8.g3 a6
9.Bg2 Be7 10.f4 d6 11.Qe2 Rb8 12.g4 b5 13.g5 Nd7 14.h4 Nb6 15.Nd4 Nc4 16.Nxc6 Qxc6
17.Nd1 Nxb2 18.Bd4 Nxd1 19.Rxd1 e5 20.fxe5 O-O 21.O-O dxe5 22.Bxe5 Qc5+ 23.Bd4 Qc7
24.Qf2 Be6 25.c3 Bd6 26.Qd2 Rfd8 27.e5 Be7 28.h5 Qc4 29.Qe3 b4 30.cxb4 Bxb4
31.Bb6 Re8 32.Rf4 Qb5 33.Ba7 Rbd8 34.Rxd8 Rxd8 35.Bf1 Rd1 36.Kg2 Bd5+ 37.Kg1 Bd2
38.Qh3 Qb7 39.Rf2 Be6 40.Qd3 Rxf1+ 41.Kxf1 Qh1+ 42.Ke2 Qe1+ 43.Kf3 Qd1+ 44.Kg2 Qg4+
45.Qg3 Qxg3+ 46.Kxg3 Be1  1/2-1/2

[Event "Moscow Open 2012 A"]
[Site "Moscow RUS"]
[Date "2012.02.05"]
[Round "9.84"]
[White "Khabarov,Sergey"]
[Black "Ageichenko,G"]
[Result "0-1"]
[WhiteElo "2348"]
[BlackElo "2344"]

1.e4 c5 2.Nf3 Nc6 3.d4 cxd4 4.Nxd4 Qb6 5.Nb3 Nf6 6.Nc3 e6 7.Bd3 d6 8.O-O Be7
9.Qe2 O-O 10.Kh1 Qc7 11.Bg5 a6 12.f4 b5 13.a3 Bb7 14.Rae1 b4 15.axb4 Nxb4
16.e5 Ne8 17.Bxe7 Qxe7 18.Na5 Nxd3 19.Qxd3 dxe5 20.fxe5 Rd8 21.Qc4 Rc8 22.Qd3 Rd8
23.Qe2 Rc8 24.Ra1 Rc5 25.Ra2 Bc8 26.Nc4 Qc7 27.b3 f5 28.exf6 Nxf6 29.Raa1 Rh5
30.h3 Rxh3+ 31.gxh3 Bb7+ 32.Rf3 Ng4 33.Qxe6+ Kh8 34.Qd6 Rxf3 35.Kg1 Rg3+
36.Kf1 Qf7+  0-1

[Event "Frauenbundesliga 2011-12"]
[Site "Germany GER"]
[Date "2012.02.11"]
[Round "8.3"]
[White "Sikorska,A1"]
[Black "Girya,O"]
[Result "0-1"]
[WhiteElo "2092"]
[BlackElo "2390"]

1.e4 c5 2.Nf3 Nc6 3.d4 cxd4 4.Nxd4 Qc7 5.Nc3 e6 6.Be3 Nf6 7.Be2 Be7 8.O-O O-O
9.f4 d6 10.Kh1 Nxd4 11.Bxd4 e5 12.Be3 b6 13.Qe1 Bb7 14.Bd3 Rad8 15.Rd1 Bc6
16.fxe5 dxe5 17.Qg3 Kh8 18.Rde1 b5 19.a3 a5 20.Nd5 Bxd5 21.exd5 Rxd5 22.Bg5 Ng8
23.Qh4 g6 24.Qe4 Qd6 25.Bd2 f5 26.Qe2 e4 27.Bc3+ Bf6 28.Bxb5 Bxc3 29.bxc3 Nf6
30.c4 Rd2 31.Qe3 Ng4 32.Qf4 Qxf4 33.Rxf4 Rxc2 34.Kg1 Rd8 35.c5 Rdd2  0-1

[Event "e2e4 Brighton Masters"]
[Site "Brighton ENG"]
[Date "2012.02.19"]
[Round "8"]
[White "White,Mi"]
[Black "Sowray,P"]
[Result "0-1"]
[WhiteElo "2229"]
[BlackElo "2367"]

1.e4 c5 2.Nf3 Nc6 3.d4 cxd4 4.Nxd4 Qb6 5.Nb3 Nf6 6.Nc3 e6 7.Qe2 d6 8.g4 Be7
9.g5 Nd7 10.f4 a6 11.Bg2 Qc7 12.Bd2 b5 13.O-O-O b4 14.Nd5 exd5 15.exd5 Nce5
16.fxe5 Nxe5 17.h3 Bf5 18.Bf4 O-O 19.Nd4 Bd7 20.Kb1 a5 21.Nf3 Nxf3 22.Qxe7 Nh4
23.Bxd6 Qb7 24.Qe4 b3 25.Qxh4 bxc2+ 26.Kxc2 Bf5+ 27.Be4 Rfc8+ 28.Kb1 Rc4
29.Rhe1 Rxe4 30.Rxe4 Re8 31.Qf4 Bxe4+ 32.Ka1 Bxd5 33.Be5 Bf3 34.Rf1 Bg2 35.Rc1 Bxh3
36.Qd4 Qb4 37.Qd3 Qg4 38.Bc3 Qxg5 39.Rh1 Bf5 40.Qb5 Rd8 41.Bxa5 Rc8 42.Bc3 Qg2
43.Re1 Be6 44.Bd4 Qd2 45.Bc3 Qxe1+  0-1

[Event "10th Nancy Masters B 2012"]
[Site "Nancy FRA"]
[Date "2012.02.24"]
[Round "7"]
[White "Le Corre,B"]
[Black "Skytte,R"]
[Result "0-1"]
[WhiteElo "2312"]
[BlackElo "2388"]

1.e4 c5 2.Nf3 Nc6 3.d4 cxd4 4.Nxd4 Qc7 5.Nc3 e6 6.Be3 a6 7.Bd3 b5 8.Nxc6 dxc6
9.O-O e5 10.f4 Nf6 11.fxe5 Ng4 12.Bf4 Qb6+ 13.Kh1 Nf2+ 14.Rxf2 Qxf2 15.Bg3 Qe3
16.Qf1 Bc5 17.a4 b4 18.Re1 Qg5 19.Bf4 Qe7 20.Ne2 Qa7 21.Ng3 Bf2 22.Nh5 Rg8
23.Re2 Bc5 24.h3 Be6 25.Ng3 g6 26.Qe1 h5 27.Nf1 a5 28.Nd2 g5 29.Bh2 h4 30.Nc4 g4
31.Qxh4 gxh3 32.Nd6+ Kd7 33.Bc4 hxg2+ 34.Rxg2 Rxg2 35.Bxe6+ Kc7 36.Kxg2 fxe6
37.Qe7+ Kb6 38.Qxe6 Qg7+ 39.Bg3 Bxd6 40.exd6 Rg8 41.Qb3 Qg4 42.Qe3+ Kb7 43.e5 Qf5
44.Qf3 Qxc2+ 45.Kh3 Qh7+ 46.Bh4 Qd7+ 47.Kh2 Qh7 48.Qf4 Qg6 49.Qf2 Qh5 50.Qe1 Rg4
51.Kh3 Qf5 52.Kh2 Re4  0-1

[Event "10th Nancy Masters B 2012"]
[Site "Nancy FRA"]
[Date "2012.02.26"]
[Round "9"]
[White "Pucher,S"]
[Black "Skytte,R"]
[Result "1/2-1/2"]
[WhiteElo "2239"]
[BlackElo "2388"]

1.e4 c5 2.Nf3 Nc6 3.d4 cxd4 4.Nxd4 Qc7 5.Nc3 e6 6.f4 a6 7.Nxc6 bxc6 8.Bd3 d5
9.O-O Nf6 10.Kh1 Be7 11.e5 Nd7 12.Na4 g6 13.c4 Nb6 14.Be3 Nxa4 15.Qxa4 O-O
16.Rac1 Bd7 17.cxd5 exd5 18.Bc5 Bxc5 19.Rxc5 Qb6 20.Qc2 Rae8 21.a3 a5 22.h4 Re7
23.h5 f6 24.exf6 Rxf6 25.hxg6 hxg6 26.Qf2 Bf5 27.Bxf5 Rxf5 28.Rc2 d4 29.Rd2 c5
30.Kg1 Qe6 31.Qg3 Kg7 32.b4 axb4 33.axb4 Qe3+ 34.Qxe3 dxe3 35.Rb2 e2 36.Re1 Rxf4
37.bxc5 Rc4 38.Rbxe2 Rxe2 39.Rxe2 Rxc5 40.Ra2 Rc7 41.Rb2 Rd7 42.Ra2 Rc7 43.Rb2 Rd7
44.Ra2 Rc7  1/2-1/2

[Event "TCh-ISR 2011-12"]
[Site "Israel ISR"]
[Date "2012.03.02"]
[Round "11.5"]
[White "Nor,I"]
[Black "Nabaty,T"]
[Result "1/2-1/2"]
[WhiteElo "2255"]
[BlackElo "2563"]

1.e4 c5 2.Nf3 Nc6 3.d4 cxd4 4.Nxd4 Qb6 5.Nb3 Nf6 6.Nc3 e6 7.Bd3 a6 8.Qe2 d6
9.g4 h6 10.Be3 Qc7 11.h4 b5 12.O-O-O h5 13.gxh5 Rb8 14.Bg5 Be7 15.f4 b4 16.Nb1 e5
17.h6 gxh6 18.Bxf6 Bxf6 19.f5 a5 20.Bb5 Bd7 21.a4 bxa3 22.Nxa3 Ke7 23.Rh3 Nd4
24.Nxd4 exd4 25.Bxd7 Qxd7 26.Nc4 Qb5 27.Rb3 Qc5 28.Qd3 a4 29.Rxb8 Rxb8 30.b3 Qb4
31.Kb2 Bxh4 32.e5 axb3 33.exd6+ Kd7 34.cxb3 Bf6 35.Ra1 Qxb3+ 36.Qxb3 d3+
37.Kc1 Rxb3 38.Ra7+ Kc8 39.Ra8+ Kb7 40.Na5+ Kxa8 41.Nxb3 Bg5+ 42.Kd1 Kb8
43.Nc5 d2 44.Nd7+ Kc8 45.Ne5 f6 46.Ng4 Kd7 47.Nxf6+ Kxd6 48.Ne4+ Ke5 49.Nxd2 Kxf5  1/2-1/2

[Event "PriFO Champ RUS 2012"]
[Site "Tolyatti RUS"]
[Date "2012.03.03"]
[Round "7.28"]
[White "Elistratov,Semen"]
[Black "Volodin,I"]
[Result "1/2-1/2"]
[WhiteElo "1902"]
[BlackElo "2295"]

1.e4 c5 2.Nf3 Nc6 3.d4 cxd4 4.Nxd4 Qb6 5.Nb3 Nf6 6.Nc3 e6 7.Be3 Qc7 8.f3 Be7
9.Qd2 O-O 10.O-O-O d5 11.Nb5 Qd8 12.Qf2 b6 13.g4 Bd7 14.g5 Ne8 15.h4 Nc7
16.Nxc7 Qxc7 17.Kb1 dxe4 18.fxe4 e5 19.h5 Rad8 20.Qg2 Bh3 21.Qe2 Rxd1+ 22.Qxd1 Be6
23.Bh3 Bxh3 24.Rxh3 Rd8 25.Qe2 Qd7 26.Rh1 Nd4 27.Bxd4 exd4 28.Rd1 Bxg5 29.Rxd4 Qe7
30.a3 Bf6 31.Rxd8+ Qxd8 32.c3 g6 33.hxg6 hxg6 34.Qe3 Qd1+ 35.Ka2 Qd6 36.Nd4 Be5
37.Kb3 Kg7 38.Kc2 Qf6 39.b3 Qd6 40.Kb2 Qc5 41.Qd3  1/2-1/2

[Event "TCh-CZE Extraliga 2011-12"]
[Site "Czech Republic CZE"]
[Date "2012.03.04"]
[Round "8.3"]
[White "Fedorov,Alex"]
[Black "Jurcik,Mari"]
[Result "1/2-1/2"]
[WhiteElo "2609"]
[BlackElo "2474"]

1.e4 c5 2.Nf3 Nc6 3.d4 cxd4 4.Nxd4 Qb6 5.Nb3 Nf6 6.Nc3 e6 7.Bd3 Be7 8.f4 d5
9.e5 Nd7 10.Bd2 a6 11.a3 Qc7 12.Qh5 b6 13.O-O-O g6 14.Qh6  1/2-1/2

[Event "29th Ciocaltea Mem"]
[Site "Bucharest ROU"]
[Date "2012.03.06"]
[Round "5"]
[White "Szabo,G ROM"]
[Black "Shishkin,Va UKR"]
[Result "1/2-1/2"]
[WhiteElo "2553"]
[BlackElo "2464"]

1.e4 c5 2.Nf3 Nc6 3.d4 cxd4 4.Nxd4 Qb6 5.Nb3 Nf6 6.Nc3 e6 7.Bd3 Be7 8.Be3 Qc7
9.f4 d6 10.O-O b6 11.Qf3 Bb7 12.Kh1 O-O 13.a3 Rad8 14.Qh3 Rfe8 15.Rae1 Qc8
16.Nd4 g6 17.e5 Nxd4 18.Bxd4 dxe5 19.Bxe5 a6 20.Re3 Nh5 21.Ne4 f6 22.Bc3 Bxe4
23.Rxe4 f5 24.Rc4 Qb7 25.Be2 Nf6 26.Qe3 Kf7 27.Bf3 Nd5 28.Qe5 Rg8 29.Re1 Qd7
30.Rd4 Qc6 31.Rd3 Rd6 32.Red1 Bf6 33.Qxf6+ Nxf6 34.Rxd6 Qb5 35.Bc6 Qc5 36.Ba4 b5
37.Bb3 Re8 38.Rxa6 Qf2 39.h3 h5 40.Be5 Re7 41.Rdd6 Qe1+ 42.Kh2 Ng4+  1/2-1/2

[Event "TCh-FIN SM-Liiga 2011-12"]
[Site "Helsinki FIN"]
[Date "2012.03.09"]
[Round "9.3"]
[White "Saastamoinen,A"]
[Black "Seeman,T"]
[Result "0-1"]
[WhiteElo "2164"]
[BlackElo "2405"]

1.e4 c5 2.Nf3 Nc6 3.d4 cxd4 4.Nxd4 Qb6 5.Nb3 Nf6 6.Nc3 e6 7.Be3 Qc7 8.Qd2 Bb4
9.f3 d5 10.a3 Bxc3 11.Qxc3 dxe4 12.fxe4 O-O 13.Nd2 b6 14.Be2 Bb7 15.O-O Qe5
16.Qxe5 Nxe5 17.Bf3 Rac8 18.c3 Rfd8 19.Bg5 h6 20.Bxf6 gxf6 21.Nb3 Rd3 22.Rad1 Rcd8
23.Rxd3 Rxd3 24.Kf2 Rd8 25.Rb1 Kf8 26.Ke3 Nc4+ 27.Kf2 e5  0-1

[Event "TCh-SVK Extraliga 2011-12"]
[Site "Slovakia SVK"]
[Date "2012.03.10"]
[Round "10.1"]
[White "Petrik,T"]
[Black "Jurcik,Mari"]
[Result "1-0"]
[WhiteElo "2522"]
[BlackElo "2474"]

1.e4 c5 2.Nf3 Nc6 3.d4 cxd4 4.Nxd4 Qb6 5.Nb3 Nf6 6.Nc3 e6 7.Bd3 Be7 8.O-O d6
9.Kh1 Qc7 10.a4 O-O 11.a5 Nb4 12.f4 Bd7 13.Qe2 e5 14.Be3 Be6 15.Nd2 exf4
16.Bxf4 Ng4 17.Nc4 Ne5 18.Ne3 Bf6 19.Ra4 Qc5 20.Bg3 Nexd3 21.cxd3 Bxc3 22.bxc3 Qxc3
23.Bxd6 Qxd3 24.Qxd3 Nxd3 25.Rd4 Rfd8 26.Rxd3 f6 27.Rfd1 Rac8 28.h3 Kf7 29.Kh2 Rc6
30.Kg3 b6 31.axb6 Rxb6 32.Bc5 Rxd3 33.Rxd3 Ra6 34.Rd2 Ra4 35.Kf4 h5 36.h4 a6
37.Rb2 Kg6 38.Rb7 Ra2 39.Nf5 Bxf5 40.exf5+ Kh6 41.g3 Ra4+ 42.Kf3  1-0

[Event "Nis Open 2012"]
[Site "Nis SRB"]
[Date "2012.03.16"]
[Round "6"]
[White "Rolj,P"]
[Black "Djukic,Sa"]
[Result "0-1"]
[WhiteElo "1998"]
[BlackElo "2203"]

1.e4 c5 2.Nf3 Nc6 3.d4 cxd4 4.Nxd4 Qc7 5.Nc3 e6 6.a3 a6 7.Be3 Nf6 8.Bd3 Ne5
9.h3 b5 10.O-O Bb7 11.Kh1 Nc4 12.Bc1 h5 13.f3 h4 14.f4 Nh5 15.Kh2 g5 16.Rf3 gxf4
17.Bxc4 Qxc4 18.Qd3 Rc8 19.Bd2 Bg7 20.Nde2 Ng3 21.Nxg3 fxg3+ 22.Kh1 Qxd3
23.cxd3 Bd4 24.Raf1 Rh7 25.Rf4 Ke7 26.Rg4 f6 27.Rff4 Rch8 28.Rf1 d6 29.Rb1 Kf7
30.Rf4 Rh5 31.Rf3 d5 32.exd5 Bxd5 33.Rff1 Rd8 34.Ne2 Bf2 35.Rbc1 e5 36.Rc7+ Kg6
37.Bb4 Rf5 38.Be7 Re8 39.Bb4 e4 40.Bd2 exd3 41.Nf4+ Rxf4 42.Bxf4 Re2 43.Rcc1 Bd4
44.Rg1 Bxg1 45.Rxg1 d2 46.b4 Bxg2+  0-1

[Event "TCh-CAT 2012"]
[Site "Catalunya ESP"]
[Date "2012.03.17"]
[Round "8.4"]
[White "Sanchez Ibern,M"]
[Black "Vila Gazquez,X"]
[Result "1/2-1/2"]
[WhiteElo "2368"]
[BlackElo "2456"]

1.e4 c5 2.Nf3 Nc6 3.d4 cxd4 4.Nxd4 Qc7 5.Nc3 e6 6.Be3 a6 7.Qd2 Nf6 8.O-O-O Nxd4
9.Qxd4 Ng4 10.Qb6 Qc6 11.Bd4 e5 12.Be3 Nxe3 13.Qxe3 Be7 14.Nd5 Bd8 15.g3 d6
16.Bg2 Be6 17.f4 Rc8 18.Qf2 exf4 19.gxf4 Bh4 20.Qd2 Bxd5 21.exd5 Qa4 22.Qe3+ Kf8
23.Qb3 Qxf4+ 24.Kb1 b5 25.Qa3 Rd8 26.Qxa6 g6 27.Rhf1 Qe5 28.Qb7 Qe7 29.Qxb5 Kg7
30.c3 Rhe8 31.Qd3 f5 32.Rd2 Ra8 33.Bf3 Bf6 34.a3 Qb7 35.Ka2 Rec8 36.Bd1 Re8
37.Rg2 Kh8 38.Re2 Rxe2 39.Bxe2 Rb8 40.b4 Qa7 41.Qa6 Qe3 42.Rf3 Qd2+ 43.Kb3 Qxd5+
44.Qc4 Qb7 45.Rd3 Be5 46.Bf3  1/2-1/2

[Event "ch-Moscow Final 2012"]
[Site "Moscow RUS"]
[Date "2012.03.18"]
[Round "9"]
[White "Vavulin,M"]
[Black "Balashov,Y"]
[Result "0-1"]
[WhiteElo "2283"]
[BlackElo "2449"]

1.e4 c5 2.Nf3 Nc6 3.d4 cxd4 4.Nxd4 Qb6 5.Nb3 Nf6 6.Nc3 e6 7.Qe2 Bb4 8.Bd2 O-O
9.a3 Be7 10.O-O-O Qc7 11.g4 d5 12.g5 Nxe4 13.Nxe4 dxe4 14.Qxe4 e5 15.Bc4 g6
16.h4 Bf5 17.Qe2 a5 18.Bc3 a4 19.Nd2 b5 20.Bxb5 Nd4 21.Qc4 Qb7 22.Bxd4 Rfc8
23.Bxe5 Bxc2 24.Kxc2 Qxb5 25.Bc7 Qb7 26.Kb1 Rxc7 27.Qa2 Rd8 28.Rhe1 Rcd7
29.Kc1 Qc8+ 30.Nc4 Rd4 31.Rxd4 Rxd4 32.Rxe7 Rxc4+ 33.Kd2 Qd8+  0-1

[Event "ch-VIE Men 2012"]
[Site "Can Tho VIE"]
[Date "2012.03.19"]
[Round "1.10"]
[White "Nguyen,Hai Quan"]
[Black "Duong The Anh"]
[Result "1/2-1/2"]
[WhiteElo "2090"]
[BlackElo "2373"]

1.e4 c5 2.Nf3 Nc6 3.d4 cxd4 4.Nxd4 Qb6 5.Nb3 Nf6 6.Bd3 e6 7.Be3 Qc7 8.f4 h5
9.Qf3 d5 10.Nc3 Nb4 11.O-O dxe4 12.Bxe4 Nxe4 13.Qxe4 Qc6 14.Qxc6+ bxc6 15.Rf2 Nd5
16.Bd4 Nxc3 17.Bxc3 h4 18.Rd2 Rh5 19.Rad1 Rd5 20.Rxd5 cxd5 21.Rd3 Bd7 22.Rh3 a5
23.Rxh4 a4 24.Nd4 a3 25.bxa3 Rxa3 26.Nb3 Ra4 27.Rh8 f6 28.Bd4 Kf7 29.Bc5 Be7
30.Rb8 Rc4 31.Rb7 Bxc5+ 32.Nxc5 Rxc5 33.Rxd7+ Kg6 34.Re7 Kf5 35.Rxg7 Rxc2
36.h4 Rxa2 37.h5 Ra8 38.h6 Rh8 39.h7 Kxf4 40.Kf2 f5 41.g3+ Ke4 42.Ke2 e5
43.g4 fxg4 44.Rxg4+ Kf5 45.Rg7 Kf6 46.Rd7 d4 47.Kd3 Ke6 48.Rg7 Kf5 49.Rf7+ Kg6
50.Re7 Kf6 51.Rb7 Kg6 52.Ke4 Rxh7 53.Rb6+ Kg5 54.Kxe5 Rd7 55.Rb2 d3 56.Rg2+ Kh4
57.Rd2  1/2-1/2

[Event "14th WGM Rector Cup"]
[Site "Kharkiv UKR"]
[Date "2012.03.27"]
[Round "2"]
[White "Bezkorovaina,M"]
[Black "Shapoval,Galina"]
[Result "0-1"]
[WhiteElo "2099"]
[BlackElo "2183"]

1.e4 c5 2.Nf3 Nc6 3.d4 cxd4 4.Nxd4 Qb6 5.Nb3 d6 6.Nc3 e6 7.Be2 Nf6 8.Bg5 Be7
9.Qd2 O-O 10.O-O-O a6 11.h4 Rd8 12.g4 Qc7 13.Bxf6 Bxf6 14.g5 Be7 15.h5 Bf8
16.f4 b5 17.g6 h6 18.gxf7+ Qxf7 19.f5 Ne5 20.fxe6 Bxe6 21.Rdf1 Qc7 22.Nd4 Bc4
23.Bxc4+ Qxc4 24.Rhg1 Kh8 25.Kb1 Qb4 26.Nf5 Nc4 27.Qc1 Rac8 28.Rf3 Rd7 29.Nxh6 Na3+
30.Ka1 Nxc2+ 31.Qxc2 gxh6 32.e5 dxe5 33.Qf5 Qd6 34.Rff1 Rcd8 35.a3 Bg7 36.Ne4 Qc6
37.Rc1 Qb6 38.Rg6 Qe3 39.Rgc6 Qf4 40.Qg6 a5 41.Rc7 b4 42.Kb1 Qf8 43.Qe6 Rxc7
44.Rxc7 bxa3 45.bxa3 Qf1+  0-1

[Event "European Senior Teams 2012"]
[Site "Rogaska Slatina SLO"]
[Date "2012.03.28"]
[Round "2.12"]
[White "Huebner,W"]
[Black "Rooze,J"]
[Result "0-1"]
[WhiteElo "2188"]
[BlackElo "2325"]

1.e4 c5 2.Nf3 Nc6 3.d4 cxd4 4.Nxd4 Qb6 5.Nb3 Nf6 6.Nc3 e6 7.Be3 Qc7 8.Bd3 a6
9.O-O Be7 10.f4 d6 11.a4 b6 12.Kh1 Bb7 13.Qe2 O-O 14.Nd4 Nb4 15.Rad1 Rfe8
16.Bf2 Rac8 17.e5 Nxd3 18.cxd3 Nd5 19.Nxd5 Bxd5 20.Bg3 dxe5 21.fxe5 Qd7 22.Rf4 Qxa4
23.Nf5 Qc2 24.Nxe7+ Rxe7 25.Rd2 Qb1+ 26.Rf1 Rc1 27.Rxc1 Qxc1+ 28.Rd1 Qc6
29.Bf4 Rc7 30.h3 Qc2 31.Qxc2 Rxc2 32.Rd2 Rc1+ 33.Kh2 Kf8 34.Be3 Rc6 35.Rd1 Ke8
36.Rc1 Rxc1 37.Bxc1 Kd7 38.g4 Bb3 39.Kg3 Bc2 40.d4 Kc6 41.Kf4 Kd5 42.Ke3 Kc4
43.Bd2 Kb3 44.Bc3 b5 45.Kd2 b4  0-1

[Event "1st El Haouaria GMA"]
[Site "El Haouaria TUN"]
[Date "2012.04.01"]
[Round "8"]
[White "Pikula,D"]
[Black "Miladinovic,I"]
[Result "1/2-1/2"]
[WhiteElo "2525"]
[BlackElo "2555"]

1.e4 c5 2.Nf3 Nc6 3.d4 cxd4 4.Nxd4 Qc7 5.Nc3 e6 6.Be2 a6 7.Be3 Nf6 8.O-O Bb4
9.Na4 Be7 10.Nxc6 bxc6 11.Nb6 Rb8 12.Nxc8 Qxc8 13.Bd4 Qc7 14.b3 c5 15.Bb2 Nxe4
16.Bxa6 Bf6 17.Bxf6 Nxf6  1/2-1/2

[Event "ch-Urals Men 2012"]
[Site "Satka RUS"]
[Date "2012.04.01"]
[Round "9"]
[White "Denisov,I"]
[Black "Matsenko,S"]
[Result "1/2-1/2"]
[WhiteElo "2384"]
[BlackElo "2468"]

1.e4 c5 2.Nf3 Nc6 3.d4 cxd4 4.Nxd4 Qc7 5.Nc3 e6 6.Be2 a6 7.O-O Nf6 8.Be3 Be7
9.f4 d6 10.a4 O-O 11.Kh1 Re8 12.a5 Nxa5 13.Nf3 Nc6 14.Nd4 Na5 15.Nf3 Nc6
16.Nd4 Na5 17.Nf3  1/2-1/2

[Event "Semana Santa LAB Open"]
[Site "Bogota COL"]
[Date "2012.04.06"]
[Round "6"]
[White "Univio Sanchez,G"]
[Black "Ruiz,Al"]
[Result "1/2-1/2"]
[WhiteElo "2019"]
[BlackElo "2233"]

1.e4 c5 2.Nf3 Nc6 3.d4 cxd4 4.Nxd4 Qc7 5.Nc3 e6 6.g3 a6 7.Bg2 Nf6 8.O-O Nxd4
9.Qxd4 Bc5 10.Qd3 Ng4 11.Qe2 Ne5 12.Kh1 Bb4 13.Nd1 Qc4 14.Qxc4 Nxc4 15.b3 Na5
16.Bb2 O-O 17.Ne3 f6 18.a3 Be7 19.b4 Nc6 20.c4 d6 21.f4 Bd7 22.Rad1 Rfd8
23.Bh3 Kf7 24.Rf2 b5 25.Rfd2 Ke8 26.f5 e5 27.cxb5 axb5 28.Nd5 Ra7 29.Nxe7 Kxe7
30.Rxd6 Bxf5 31.Rxd8 Bxe4+ 32.Kg1 Nxd8 33.Bf1 Bc6 34.Kf2 Rd7 35.Rxd7+ Kxd7
36.Ke3 Kd6 37.Kd3 g6  1/2-1/2

[Event "23rd Lenk Open"]
[Site "Lenk SUI"]
[Date "2012.04.07"]
[Round "4.10"]
[White "Rosebrock,T"]
[Black "Graf,Silvio"]
[Result "0-1"]
[WhiteElo "1992"]
[BlackElo "1861"]

1.e4 c5 2.Nf3 Nc6 3.d4 cxd4 4.Nxd4 Qb6 5.Nb3 Nf6 6.Nc3 e6 7.Bd3 a6 8.O-O Be7
9.Be3 Qc7 10.f4 d6 11.Qf3 O-O 12.g4 Nb4 13.Rae1 Nxd3 14.cxd3 b5 15.g5 Nd7
16.Qh5 g6 17.Qh6 Re8 18.Rf3 Bf8 19.Qh4 Bb7 20.Rh3 h5 21.gxh6 Kh7 22.f5 exf5
23.exf5 Ne5 24.Ne4 Be7 25.f6 Bxe4 26.dxe4 Bf8 27.Rc1 Qd7 28.Rg3 Rac8 29.Nd4 Rxc1+
30.Bxc1 d5 31.exd5 Qxd5 32.Rg5 Bc5 33.Be3 Bxd4 34.Qxd4 Qxd4 35.Bxd4 Nf3+  0-1

[Event "Campomanes Mem GM Open"]
[Site "Bandar Seri Begawan BRU"]
[Date "2012.04.08"]
[Round "1.6"]
[White "Hj,Azahari Md Nur Arrifin"]
[Black "Dimakiling,O"]
[Result "0-1"]
[WhiteElo "1986"]
[BlackElo "2447"]

1.e4 c5 2.Nf3 Nc6 3.d4 cxd4 4.Nxd4 Qb6 5.Nb3 Nf6 6.Nc3 e6 7.Be3 Qc7 8.a3 a6
9.Be2 b5 10.f4 b4 11.axb4 Bxb4 12.Bf3 e5 13.fxe5 Nxe5 14.O-O Bxc3 15.bxc3 d6
16.Bd4 O-O 17.Qe2 a5 18.Nc1 Re8 19.Nd3 Ba6 20.Qe3 Nfd7 21.Rf2 Bb7 22.Raf1 Nf6
23.Nf4 Re7 24.Nh5 Nxh5 25.Bxh5 Ng6 26.Bxg6 hxg6 27.Rf4 Qc6 28.Qh3 g5 29.Rf6 Qxe4
30.Rxd6 a4 31.Bxg7 Qxg2+ 32.Qxg2 Bxg2 33.Kxg2 Kxg7 34.Kf3 a3 35.Ra1 Rc7 36.Rd3 a2
37.Ke4 Kg6 38.Ke3 g4 39.Kd2 f5 40.Rd4 Rh7 41.Rb4 Rxh2+ 42.Kd3 g3 43.Rb6+ Kg5
44.Rb7 Rh1  0-1

[Event "39th La Roda Open"]
[Site "La Roda ESP"]
[Date "2012.04.08"]
[Round "9"]
[White "Garcia Ramos,M"]
[Black "Rojas Keim,L"]
[Result "1/2-1/2"]
[WhiteElo "2163"]
[BlackElo "2424"]

1.e4 c5 2.Nf3 Nc6 3.d4 cxd4 4.Nxd4 Qb6 5.Nb3 Nf6 6.Nc3 e6 7.a3 Qc7 8.Bg5 a6
9.f4 h6 10.Bxf6 gxf6 11.Qd2 b5 12.Be2 h5 13.O-O h4 14.Kh1 Bb7 15.Rad1 Rd8
16.Nd5 exd5 17.exd5 h3 18.Bf3 hxg2+ 19.Qxg2 Bh6 20.dxc6 Bxf4 21.h3 Bxc6 22.Nd4 Bxf3
23.Rde1+ Kf8 24.Qxf3 Be5 25.c3 Re8 26.Nf5 Qc6 27.Qxc6 dxc6 28.h4 a5 29.Re2 Rd8
30.Kg2 Rd3 31.Rf3 Rg8+ 32.Kf2 Rd1 33.Re1 Rxe1 34.Kxe1 Rg2 35.Rf2 Rg1+ 36.Rf1 Rg4
37.Ke2 b4 38.axb4 axb4 39.h5 Rg2+ 40.Rf2 Rxf2+ 41.Kxf2 Bxc3 42.h6 Kg8 43.Ne7+ Kh7
44.Nxc6 f5 45.Ke3 b3 46.Kd3 Bxb2 47.Na5 Kxh6 48.Ke2 Kg5 49.Kf3 Kf6 50.Nxb3 Ke5
51.Nd2 Bc1 52.Nb3 Bg5 53.Na1 Kd5 54.Nc2 Kc4 55.Ne1 Kc3 56.Ng2 Kd2 57.Nf4 Kc3
58.Ne2+ Kc4 59.Ng3 f4 60.Ne4 f6 61.Nxf6  1/2-1/2

[Event "Campomanes Mem GM Open"]
[Site "Bandar Seri Begawan BRU"]
[Date "2012.04.11"]
[Round "7.6"]
[White "Sharma,Di"]
[Black "Dimakiling,O"]
[Result "1-0"]
[WhiteElo "2350"]
[BlackElo "2447"]

1.e4 c5 2.Nf3 Nc6 3.d4 cxd4 4.Nxd4 Qb6 5.Nb3 Nf6 6.Nc3 e6 7.Qe2 Qc7 8.Bd2 a6
9.f4 d6 10.g4 b5 11.Bg2 Bb7 12.O-O Be7 13.g5 Nd7 14.a4 b4 15.Nd5 exd5 16.exd5 Na7
17.Nd4 O-O 18.Nf5 Bd8 19.c4 Nc5 20.Bxb4 Bc8 21.Nxd6 Qxd6 22.Qf2 Bb6 23.a5 Nd3
24.Bxd6 Bxf2+ 25.Rxf2 Nxf2 26.Kxf2 Re8 27.b4 Bf5 28.Bc7 Be4 29.Bf1 f6 30.gxf6 gxf6
31.Rd1 Kf7 32.b5 axb5 33.cxb5 Bc2 34.Rc1 Be4 35.d6 Ke6 36.b6 Nc6 37.b7 Rab8
38.a6 Na7 39.Re1 f5 40.Bh3 Kf6 41.d7 Red8 42.Bxb8 Rxb8 43.Rd1 Nc6 44.a7  1-0

[Event "ch-BLR u20 Girls 2012"]
[Site "Minsk BLR"]
[Date "2012.04.11"]
[Round "6.3"]
[White "Nevioselaya,M"]
[Black "Beinenson,Katsiaryna"]
[Result "1-0"]
[WhiteElo "1992"]
[BlackElo "1912"]

1.e4 c5 2.Nf3 Nc6 3.d4 cxd4 4.Nxd4 Qb6 5.Nb3 Nf6 6.Nc3 e6 7.Bd3 Be7 8.O-O O-O
9.Be3 Qc7 10.f4 d6 11.g4 Nd7 12.g5 Re8 13.a3 a6 14.Qh5 g6 15.Qh4 Bf8 16.Rf3 Bg7
17.Rh3 Nf8 18.f5 Bxc3 19.f6 h5 20.bxc3 e5 21.Rg3 Nd8 22.Be2 Qc6 23.Nd2 Nh7
24.Bxh5 gxh5 25.Qxh5 Kh8 26.g6 fxg6 27.Rxg6 Ne6 28.f7 Rd8 29.Rh6 Nf8 30.Qg5 Ne6
31.Qg6  1-0

[Event "I FirstSun Mallorca"]
[Site "Cala Rajada ESP"]
[Date "2012.04.12"]
[Round "6"]
[White "Calzetta Ruiz,M"]
[Black "Queirolo Perez,M"]
[Result "1-0"]
[WhiteElo "2300"]
[BlackElo "2093"]

1.e4 c5 2.Nf3 Nc6 3.d4 cxd4 4.Nxd4 Qb6 5.Nb3 g6 6.Nc3 Bg7 7.Bd3 d6 8.Nd5 Qd8
9.O-O h5 10.c3 Bg4 11.f3 Bd7 12.Bg5 Bh6 13.Bxh6 Rxh6 14.Qd2 e6 15.Ne3 Qb6
16.Kh1 Ne5 17.Be2 O-O-O 18.f4 Ng4 19.Bxg4 hxg4 20.Nc4 Qc7 21.Nxd6+ Kb8 22.Nxf7 Rf8
23.Nxh6 Nxh6 24.Rad1 Bb5 25.c4 Bxc4 26.Rc1 b5 27.Na5 Rd8 28.Qxd8+  1-0

[Event "Brunei GM Inv 2012"]
[Site "Bandar Seri Begawan BRU"]
[Date "2012.04.13"]
[Round "1.5"]
[White "Hj,Sulaiman Hj Md Baharuddin"]
[Black "Bitoon,R"]
[Result "0-1"]
[WhiteElo "2162"]
[BlackElo "2455"]

1.e4 c5 2.Nf3 Nc6 3.d4 cxd4 4.Nxd4 Qb6 5.Nb3 Nf6 6.Be3 Qb4+ 7.N1d2 Nxe4 8.c3 Qa4
9.Bd3 Nxd2 10.Qxd2 Ne5 11.Be2 e6 12.O-O Be7 13.Bc5 Bxc5 14.Nxc5 Qc6 15.Qd4 O-O
16.Rad1 b6 17.Qxe5 Qxc5 18.Qe4 d5 19.Qh4 e5 20.b4 Qxc3 21.Rxd5 Be6 22.Rd3 Qb2
23.Bf3 Rac8 24.Bg4 Qxa2 25.Bxe6 Qxe6 26.Rfd1 Qc4 27.Qe7 Qxd3  0-1

[Event "World Amateur Championship"]
[Site "Neos Marmaras GRE"]
[Date "2012.04.17"]
[Round "2"]
[White "Reyes Rios,Juan Camilo"]
[Black "Kaushik,B"]
[Result "1-0"]
[WhiteElo "1996"]
[BlackElo "1897"]

1.e4 c5 2.Nf3 Nc6 3.d4 cxd4 4.Nxd4 Qb6 5.Nb3 Nf6 6.Nc3 e6 7.Bd3 a6 8.O-O Be7
9.Be3 Qc7 10.a4 b6 11.f4 d6 12.Kh1 O-O 13.Qe1 Bb7 14.Qg3 Rfe8 15.Rae1 Rac8
16.Qh3 Nb4 17.Nd4 Nxd3 18.cxd3 Bf8 19.Rc1 Qd8 20.Nf3 Nd7 21.f5 e5 22.Nd2 f6
23.Nc4 Bc6 24.Bg1 Nc5 25.b4 Nb3 26.Bxb6 Qd7 27.Rb1 Bxa4 28.Qe3 Be7 29.Rf2 Nd4
30.Bxd4 exd4 31.Qxd4 Bd8 32.Nxa4 Qxa4 33.Nxd6 Qb3 34.Rff1  1-0

[Event "TCh-CZE Extraliga 2011-12"]
[Site "Czech Republic CZE"]
[Date "2012.04.20"]
[Round "9.2"]
[White "Klima,L"]
[Black "Fedorov,Alex"]
[Result "0-1"]
[WhiteElo "2370"]
[BlackElo "2609"]

1.e4 c5 2.Nf3 Nc6 3.d4 cxd4 4.Nxd4 Qb6 5.Nb3 Nf6 6.Nc3 e6 7.Bd3 d6 8.O-O Be7
9.Qe2 O-O 10.Kh1 Qc7 11.Bg5 a6 12.f4 b5 13.Rae1 h6 14.Bxh6 gxh6 15.e5 dxe5
16.fxe5 Nxe5 17.Qxe5 Qxe5 18.Rxe5 Ra7 19.Re3 Ng4 20.Rh3 f5 21.Be2 Rc7 22.a3 Bb7
23.Rd3 Ne5 24.Re3 Bf6 25.Rd1 f4 26.Rh3 Rg7 27.Rg1 Be7 28.Bf3 Nxf3 29.gxf3 Rc8
30.Rxg7+ Kxg7 31.Nd4 Kf7 32.Ne4 Rc4 33.c3 e5 34.Nf5 Bxe4 35.fxe4 Bf8 36.Kg2 Rxe4
37.Rxh6 f3+ 38.Kf2 Bc5+ 39.Kf1 Re2 40.b4 Bf8 41.Rh3 e4 42.Ng3 Re3 43.Rh4 Rxc3
44.Nxe4 Rxa3 45.Rf4+ Ke8 46.Ng5 Ra4 47.Ne6 Bxb4  0-1